Portsmouth City Football Club Ltd v Sellar Properties (Portsmouth) Limited (Record no. 117777)
[ view plain ]
| 000 -LEADER | |
|---|---|
| fixed length control field | 02297cam a2200265 4500 |
| 001 - CONTROL NUMBER | |
| control field | ABS68058 |
| 008 - FIXED-LENGTH DATA ELEMENTS--GENERAL INFORMATION | |
| fixed length control field | 040727n2004 000 0 eng u |
| 035 ## - SYSTEM CONTROL NUMBER | |
| System control number | (Sirsi) u126948 |
| 245 ## - TITLE STATEMENT | |
| Title | Portsmouth City Football Club Ltd v Sellar Properties (Portsmouth) Limited |
| 260 ## - PUBLICATION, DISTRIBUTION, ETC. | |
| Date of publication, distribution, etc. | 2004 |
| 520 ## - SUMMARY, ETC. | |
| Summary, etc. | [2004] EWCA Civ 760, 10 March 2004. An option agreement between owners of adjacent land, respondent football club (P) and claimant developer (S), defined the purchase price payable by P to buy the land for its new stadium to include a deduction for a public footpath with potential ransom value, which crossed the whole site. Any of the allowance that S had to pay the local authority in this connection should be passed onto P. A £2m purchase price was agreed with an allowance of £1.1m minus X, X being the cost to S for the local authority consent for the crossing. The judge held X to be nil and that £1.1m allowance should be deducted. S appealed on the basis that the £4.25m it paid for the crossing and certain other land (the B land) should be apportioned equally so that X exceeded £1.1m and the allowance was accordingly nil. "Held": appeal allowed. The consent required in the definition of X was wrongly construed to be restricted only to the local authority's consent as highway authority, for which nothing had been paid, as the authority owned the land over which the footpath passed. Common sense suggested that the price payable for the B land and the crossing should be apportioned between both parties in substantially equal shares. X therefore exceeded £1.1m and the allowance was nil. View judgment at www.bailii.org. |
| 590 ## - LOCAL NOTE (RLIN) | |
| Local note | ABS |
| 590 ## - LOCAL NOTE (RLIN) | |
| Local note | ABS |
| 590 ## - LOCAL NOTE (RLIN) | |
| Local note | ABS |
| 650 ## - SUBJECT ADDED ENTRY--TOPICAL TERM | |
| Topical term or geographic name entry element | PORTSMOUTH CITY FOOTBALL CLUB LTD V SELLAR PROPERTIES (PORTSMOUTH) LTD |
| 650 ## - SUBJECT ADDED ENTRY--TOPICAL TERM | |
| Topical term or geographic name entry element | PURCHASE PRICE |
| 650 ## - SUBJECT ADDED ENTRY--TOPICAL TERM | |
| Topical term or geographic name entry element | SALE OF LAND |
| 650 ## - SUBJECT ADDED ENTRY--TOPICAL TERM | |
| Topical term or geographic name entry element | RANSOM VALUE |
| 650 ## - SUBJECT ADDED ENTRY--TOPICAL TERM | |
| Topical term or geographic name entry element | RANSOM STRIPS |
| 690 ## - LOCAL SUBJECT ADDED ENTRY--TOPICAL TERM (OCLC, RLIN) | |
| Topical term or geographic name as entry element | PROPERTY AND LAND LAW-CASE LAW |
| 856 ## - ELECTRONIC LOCATION AND ACCESS | |
| Uniform Resource Identifier | <a href="https://www.bailii.org/ew/cases/EWCA/Civ/2004/760.html">https://www.bailii.org/ew/cases/EWCA/Civ/2004/760.html</a> |
| Public note | View the judgment on BAILII websiteƯ |
| 856 ## - ELECTRONIC LOCATION AND ACCESS | |
| Uniform Resource Identifier | <a href="https://www.bailii.org/ew/cases/EWCA/Civ/2004/760.html">https://www.bailii.org/ew/cases/EWCA/Civ/2004/760.html</a> |
| Public note | View the judgment on BAILII websiteƯ |
| 856 ## - ELECTRONIC LOCATION AND ACCESS | |
| Uniform Resource Identifier | <a href="https://www.bailii.org/ew/cases/EWCA/Civ/2004/760.html">https://www.bailii.org/ew/cases/EWCA/Civ/2004/760.html</a> |
| Public note | View the judgment on BAILII websiteƯ |
| 942 ## - ADDED ENTRY ELEMENTS (KOHA) | |
| Suppress in OPAC | 0 |
| Withdrawn status | Lost status | Source of classification or shelving scheme | Damaged status | Not for loan | Home library | Current library | Shelving location | Date acquired | Total Checkouts | Full call number | Barcode | Date last seen | Copy number | Price effective from | Koha item type |
|---|---|---|---|---|---|---|---|---|---|---|---|---|---|---|---|
| Dewey Decimal Classification | London | London | Journal article | 27/07/2004 | ABS68058 | 126948-1001 | 06/08/2019 | 1 | 06/08/2019 | Law report | |||||
| Dewey Decimal Classification | Virtual | Virtual | Online | 04/08/2004 | ONLINE PUBLICATION | 126948-2001 | 06/08/2019 | 1 | 06/08/2019 | Law report |